Οργάνωση και Διοίκηση Ναυτιλιακών Επιχειρήσεων (Record no. 8281)
[ view plain ]
| 000 -LEADER | |
|---|---|
| fixed length control field | 02448cam a22002054a 4500 |
| 005 - ΗΜΕΡΟΜΗΝΙΑ ΚΑΙ ΩΡΑ ΤΕΛΕΥΤΑΙΑΣ ΕΝΗΜΕΡΩΣΗΣ | |
| Πεδίο ελέγχου | 20251217115906.0 |
| 008 - FIXED-LENGTH DATA ELEMENTS--GENERAL INFORMATION | |
| Πεδίο ελέγχου σταθερού μήκους | 250528s ||||||||||||||||||||||||d |
| 035 ## - SYSTEM CONTROL NUMBER | |
| System control number | 23252 |
| 020 ## - ISBN | |
| ISBN | 9789602218280 |
| 040 ## - ΠΗΓΗ ΚΑΤΑΛΟΓΟΓΡΑΦΗΣΗΣ | |
| Φορέας πρωτότυπης καταλογογράφησης | MC Athens Campus Library |
| Γλώσσα καταλογογράφησης | Ελληνικά, Μοντέρνα (1453-) |
| Modifying agency | MC Athens Campus Library |
| Κανόνες περιγραφικής καταλογογράφησης | AACR2 |
| 245 1# - ΤΙΤΛΟΣ ΚΑΙ ΔΗΛΩΣΗ ΥΠΕΥΘΥΝΟΤΗΤΑΣ | |
| Τίτλος | Οργάνωση και Διοίκηση Ναυτιλιακών Επιχειρήσεων |
| 250 ## - EDITION STATEMENT | |
| Edition statement | 3η |
| 260 ## - PUBLICATION, DISTRIBUTION, ETC. | |
| Name of publisher, distributor, etc. | Αλεξάνδρεια, |
| Date of publication, distribution, etc. | 2019 |
| 300 ## - PHYSICAL DESCRIPTION | |
| Extent | 636 |
| 520 ## - SUMMARY, ETC. | |
| Summary, etc. | Το παρόν βιβλίο εξετάζει τη ναυτιλιακή επιχείρηση σε συνάρτηση με το περιβάλλον στο οποίο κινείται, αναλύει τις λειτουργίες της, την οργάνωση της και τους παράγοντες που την προσδιορίζουν, καθώς και την τμηματοποίηση της, ενώ αναπτύσσει θέματα σχετικά με το ανθρώπινο δυναμικό της, τη διοίκηση ασφάλειας, την εξωτερική ανάθεση λειτουργιών και την Εταιρική Κοινωνική Ευθύνη. Πρόλογος, Η Ναυτιλιακή Επιχείρηση, Το Περιβάλλον Λειτουργίας των Ναυτιλιακών Επιχειρήσεων, Ιδιαίτερα Χαρακτηριστικά της Ναυτιλίας και των Ναυτιλιακών Επιχειρήσεων, Οι Λειτουργίες της Ναυτιλιακής Επιχείρησης, Η Οργάνωση της Ναυτιλιακής Επιχείρησης, Προσδιοριστικοί Παράγοντες της Οργανωτικής Δομής, Τμηματοποίηση των Ναυτιλιακών Επιχειρήσεων, Διοίκηση Ανθρώπινου Δυναμικού στις Ναυτιλιακές Επιχειρήσεις, Διοίκηση Ανθρώπινου Δυναμικού Πλοίων, Διοίκηση Ασφάλειας στις Ναυτιλιακές Επιχειρήσεις, Εξωτερική Ανάθεση Λειτουργιών και Δραστηριοτήτων από τις Ναυτιλιακές Επιχειρήσεις, Εταιρική Κοινωνική Ευθύνη και Διοίκηση Ναυτιλιακών Επιχειρήσεων. |
| 700 1# - ΠΡΟΣΘΕΤΗ ΑΝΑΓΡΑΦΗ--ΦΥΣΙΚΟ ΠΡΟΣΩΠΟ | |
| Personal name | Θεοτοκάς, Γιάννης |
| 9 (RLIN) | 8840 |
| 942 ## - ADDED ENTRY ELEMENTS (KOHA) | |
| Koha item type | Books |
| Τύπος τεκμηρίου | Βιβλιοθήκη | Τρέχουσα τοποθεσία | Barcode | Αριθμός εισαγωγής | Ημερομηνία απόκτησης | Ταξιθετικό σύμβολο | Αριθμός αντιτύπου | Κατάσταση απόσυρσης | Κατάσταση χαμένου | Κατάσταση κατεστραμμένου | Μη δανεισμός | Σύνολο δανεισμών | Ημερομηνία τελευταίας εμφάνισης | Η τιμή ισχύει από |
|---|---|---|---|---|---|---|---|---|---|---|---|---|---|---|
| Books | MC Athens Campus Library | MC Athens Campus Library | 9780000082800 | 7558 | 05/06/2025 | 658.788 THE | 1 | 05/06/2025 | 05/06/2025 |